Biographical directory of the members of the Czechoslovak Society of Arts and Sciences - 1978 /

Hlavní autor: Rechcígl, Eva, 1932-
Další autoři: Rechcígl, Miloslav, 1930-
Jazyk: Angličtina
Vydáno: Washington : Society of Arts and Sciences, 1978
Témata:
Fyzický popis: 135 s. ; 23 cm
Knihy
Uloženo v:
LEADER 01173nam a22003012a 4500
001 000205256
003 CZ BrMZK
005 20210622113529.0
007 ta
008 040716s1978 xxu f |||| 0 eng d
020 |q (Brož.) 
040 |a ABA001  |b cze  |d BOA001 
045 |a x5x7 
072 7 |a 00  |x Věda. Všeobecnosti. Základy vědy a kultury. Vědecká práce  |2 Konspekt  |9 12 
080 9 |a 929 
080 9 |a 061.2 
100 1 |a Rechcígl, Eva,  |d 1932-  |7 jx20050714010  |4 aut 
245 1 0 |a Biographical directory of the members of the Czechoslovak Society of Arts and Sciences - 1978 /  |c compiled and edited by Eva Rechcigl and Miloslav Rechcigl Jr 
260 |a Washington :  |b Society of Arts and Sciences,  |c 1978 
300 |a 135 s. ;  |c 23 cm 
610 2 7 |a Společnost pro vědy a umění  |7 kn20030922003  |2 czenas 
650 0 7 |a vědecké instituce a organizace  |7 ph127368  |z Česko  |2 czenas 
655 7 |a informační publikace  |7 fd132454  |2 czenas 
700 1 |a Rechcígl, Miloslav,  |d 1930-  |7 jk01102178  |4 aut 
910 |a BOA001  |b 2-0949.100,4 
990 |a BK 
991 |b 202106 
996 6 |b 2619940843  |c 2-0949.100,4  |l MZK  |r Sklad / do 1 hodiny  |n 3  |w 000205256  |u 000010  |a 1  |e BOA001  |j MZK50  |s P